000 00374nam a2200157 i 4500
001 bg
100 1 _aCOX, D. R.
245 0 _aPrikladnaja statistika :
_bprincipy i primery /
_cD. Koks, E. Snell.
260 _aMoskva,
_c1984.
700 1 _aSNELL, E. J.
040 _cBPK
041 _apol
080 _a519.2
942 _cKS
008 s pl f |000 0 pol
999 _c28027
_d28027
856 _uhttp://koha.tu.koszalin.pl/cgi-bin/koha/opac-detail.pl?biblionumber=28027
_yKatalog online BPK